|
|
|
|
| LEADER |
00000cam a2200000 7i4500 |
| 001 |
0000000683 |
| 005 |
20000922.0 |
| 020 |
0 |
0 |
|a 9839518089
|
| 090 |
0 |
0 |
|a 634.92095
|b INT 2000
|
| 110 |
1 |
0 |
|a International Tropical Timber Organization (ITTO)
|
| 245 |
0 |
0 |
|a State of the art review on conservation of forest tree species in tropical Asia and the Pacific
|c International Tropical Timber Organization (ITTO), Regional Centre for Forest Management (RCFM)
|
| 260 |
0 |
0 |
|a Yokohama, Japan :
|b International Tropical Timber Organization ,
|c 2000
|
| 300 |
|
|
|a xi, 98 p. ;
|c 26 cm.
|
| 500 |
0 |
0 |
|a Bibliography: [p. 80-85]
|
| 650 |
0 |
0 |
|a Forest conservation
|z Asia
|
| 650 |
0 |
0 |
|a Forest management
|z Asia
|
| 650 |
0 |
0 |
|a Forest policy
|z Asia
|
| 710 |
1 |
1 |
|a Regional Centre for Forest Management (RCFM)
|
| 999 |
|
|
|a 0000001708
|b Monograph
|c Open Shelf
|e Default branch
|